Music Quiz

Random Music or Bands Quiz
Score 0/21 Timer 05:00
0 Plays Today
Band Title % Correct
Dave Matthews BandPig
90.3%
SeetherPig
90.3%
Black SabbathWar Pigs
69.4%
Pink FloydPigs (Three Different Ones)
64.9%
Cypress HillPigs
64.9%
The BeatlesPiggies
43.3%
Nine Inch NailsPiggy
38.1%
Nine Inch NailsMarch of the Pigs
30.6%
Pink FloydPigs on the Wing
26.1%
Jane's AddictionPig's in Zen
11.2%
MinistryFilth Pig
8.2%
Band Title % Correct
Queens of the Stone AgeRun, Pig, Run
6%
Machine HeadBay of Pigs
3.7%
Meat LoafIn the Land of the Pig, the Butcher Is King
3.7%
The CurePiggy In the Mirror
3.7%
Suicidal TendenciesFacist Pig
3%
Every Time I DiePigs Is Pigs
3%
OtepBlood Pigs
2.2%
Pink FloydHeart Beat, Pig Meat
1.5%
The Reverend Horton HeatNurture My Pig!
1.5%
ChiodosBulls Make Money, Bears Make Money, Pigs Get Slaughtered
1.5%

You're not logged in!

Compare scores with friends on all Sporcle quizzes.
OR
Log In

Sporcle TV

Today on Sporcle TV


Watch our educational content, quiz creation guides, and fun videos on Sporcle TV.

Show Comments

Extras

Top Quizzes Today


Score Distribution

Paid Content

Your Account Isn't Verified!

In order to create a playlist on Sporcle, you need to verify the email address you used during registration. Go to your Sporcle Settings to finish the process.

Report this User

Report this user for behavior that violates our Community Guidelines.

Details: